Catálogo público

Los hijos de Sánchez : autobiografía de una familia mexicana ; Una muerte en la familia Sánchez / Oscar Lewis ; prólogo Claudio Lomnitz ; epílogo Susana M. Rigdon (Record no. 217143)

MARC details
000 -CABECERA
campo de control de longitud fija 01262nam a2200301Ia 4500
001 - NÚMERO DE CONTROL
campo de control Z_6466
008 - DATOS DE LONGITUD FIJA--INFORMACIÓN GENERAL
campo de control de longitud fija 220601s9999 xx 000 0 und d
020 ## - NÚMERO INTERNACIONAL ESTÁNDAR DEL LIBRO
Número Internacional Estándar del Libro 978-607-16-0849-9
082 ## - NÚMERO DE LA CLASIFICACIÓN DECIMAL DEWEY
Número de clasificación 306. 854 L49
100 ## - ENTRADA PRINCIPAL--NOMBRE DE PERSONA
Nombre de persona Lewis, Oscar, 1914 -1970
9 (RLIN) 183765
240 ## - TÍTULO UNIFORME
Título uniforme The children of Sánchez : autobiography of a mexican family
245 ## - MENCIÓN DE TÍTULO
Título Los hijos de Sánchez : autobiografía de una familia mexicana ; Una muerte en la familia Sánchez / Oscar Lewis ; prólogo Claudio Lomnitz ; epílogo Susana M. Rigdon
260 ## - PUBLICACIÓN, DISTRIBUCIÓN, ETC.
Lugar de publicación, distribución, etc. México : Fondo de Cultura Económica
300 ## - DESCRIPCIÓN FÍSICA
Extensión 625 p.
440 ## - MENCIÓN DE SERIE/PUNTO DE ACCESO ADICIONAL--TÍTULO
Título (Colección Antropología)
9 (RLIN) 183766
500 ## - NOTA GENERAL
Nota general Traducción de la obra en inglés: The children of Sánchez : autobiography of a mexican family \ En portada : Una muerte en la familia Sánchez
503 ## - NOTA DE HISTORIA BIBLIOGRÁFICA (BK CF MU) [OBSOLETO]
Nota de historia bibliográfica ej.1: consumo
504 ## - NOTA DE BIBLIOGRAFÍA, ETC.
Nota de bibliografía, etc. Incliye índice
650 ## - PUNTO DE ACCESO ADICIONAL DE MATERIA--TÉRMINO DE MATERIA
Término de materia o nombre geográfico como elemento de entrada 1. Familia -- Estudio -- México
650 ## - PUNTO DE ACCESO ADICIONAL DE MATERIA--TÉRMINO DE MATERIA
Término de materia o nombre geográfico como elemento de entrada Pobreza -- México -- Ciudad de México -- biografía.
650 ## - PUNTO DE ACCESO ADICIONAL DE MATERIA--TÉRMINO DE MATERIA
Término de materia o nombre geográfico como elemento de entrada México -- Condiciones sociales
700 ## - PUNTO DE ACCESO ADICIONAL--NOMBRE DE PERSONA
Nombre de persona Lomnitz, Claudio, pról. \ Rigdon, Susana M., epílogoÌ
9 (RLIN) 183768
901 ## - ELEMENTOS DE DATOS A LOCAL LDA (RLIN)
a 306. 854 L49
902 ## - ELEMENTOS DE DATOS B LOCAL, LDB (RLIN)
a A
905 ## - ELEMENTOS DE DATOS E LOCAL, LDE (RLIN)
a 523227 2012 mx 9221113311spa16
942 ## - ELEMENTOS DE PUNTO DE ACCESO ADICIONAL (KOHA)
Tipo de ítem Koha Libro_
Holdings
Estado de retiro Estado de pérdida Fuente del sistema de clasificación o colocación Estado dañado No para préstamo Código de colección Localización permanente Ubicación/localización actual Ubicación en estantería Fecha de adquisición Total de préstamos Código de barras Fecha visto por última vez Número de copia Precio válido a partir de Tipo de ítem Koha
    Dewey Decimal Classification     General Zootecnia Zootecnia   04/09/2014   z_6337 02/06/2022 1 02/06/2022 Libro